The Bread and the wine (Record no. 11807)

MARC details
000 -LEADER
fixed length control field 00247nam a22000977a 4500
008 - FIXED-LENGTH DATA ELEMENTS--GENERAL INFORMATION
fixed length control field 200220b ||||| |||| 00| 0 eng d
020 ## - INTERNATIONAL STANDARD BOOK NUMBER
International Standard Book Number 057006127X
100 ## - MAIN ENTRY--PERSONAL NAME
Personal name Ahern Denise
9 (RLIN) 7487
245 ## - TITLE STATEMENT
Title The Bread and the wine
260 ## - PUBLICATION, DISTRIBUTION, ETC. (IMPRINT)
Place of publication, distribution, etc. USA
Name of publisher, distributor, etc. Arch Books
Date of publication, distribution, etc. 1979
Holdings
Withdrawn status Lost status Source of classification or shelving scheme Damaged status Koha normalized classification for sorting Not for loan Home library Current library Shelving location Date acquired Total Checkouts Full call number Barcode Date last seen Price effective from Koha item type
    Dewey Decimal Classification   227_000000000000000_JUNLIB   Good Samaritan School Library Good Samaritan School Library FICTION 02/20/2020   227 JUNLIB AHE15807 02/20/2020 02/20/2020 BOOK

Powered by Koha